Statistics for Top 15 Kpop Female Dancers

Click here to take the quiz!

General Stats

  • This quiz has been taken 656 times
  • The average score is 6 of 15

Answer Stats

Hint Answer % Correct
7.4MinuteHyuna
88%
8.Miss AMin
88%
4.2NE1Minzy
83%
10.F(x)Victoria
78%
3.SNSDHyoyeon
72%
15.SistarBora
70%
6.Solo SingerBoA
47%
14.BEGGa In
31%
12.KARANicole
30%
1.Solo SingerKahi
7%
2.GLAMZinni
7%
5.WASSUPNari
7%
9.Dal ShabetSerri
6%
11.Solo SingerNS Yoon-G
1%
13.Kiss&CryBohye
1%

Score Distribution

Percentile by Number Answered

Percent of People with Each Score

Your Score History

You have not taken this quiz